|
|
|
|
| LEADER |
01369nam a22003497a 4500 |
| 001 |
33526 |
| 003 |
BD-DhAAL |
| 005 |
20220224154613.0 |
| 008 |
180731t2018 bg a|||| |||| 000 0 eng d |
| 999 |
|
|
|c 39952
|d 39952
|
| 020 |
|
|
|a 9789843441867
|
| 040 |
|
|
|a BD-DhAAL
|
| 082 |
|
|
|a 677.022095492
|
| 245 |
|
|
|a Traditional Jamdani Designs /
|c edited by Chandra Shekhar Shaha..[et.. al.]
|
| 246 |
|
|
|a ঐতিহ্যবাহী জামদানি নকশা
|
| 260 |
|
|
|a Dhaka :
|b National Crafts Council of Bangladesh, Bangladesh National Museum ,
|c 2018
|
| 300 |
|
|
|a 243 pages :
|b illustrations ;
|c 27 cm.
|
| 526 |
|
|
|a ARC
|
| 541 |
|
|
|a Development Book Agency
|e 33526
|
| 650 |
|
|
|a Textile design
|z Bangladesh
|9 27619
|
| 650 |
|
|
|a Textile design
|v Pictorial works
|z Bangladesh
|9 27620
|
| 650 |
|
|
|a Architecture.
|9 46089
|
| 651 |
|
|
|a Bangladesh
|9 27621
|
| 700 |
|
|
|a Shaha, Chandra Shekhar
|9 27622
|
| 700 |
|
|
|a Chowdhury, Faizul Latif
|9 27623
|
| 700 |
|
|
|a Emdad, Monira
|9 27624
|
| 700 |
|
|
|a Ghuvznavi, Ruby
|9 27625
|
| 700 |
|
|
|a Hossain, Hameeda
|9 27626
|
| 700 |
|
|
|a Rahman, SK. Saifur
|9 27627
|
| 700 |
|
|
|a Shamim, Sahid Hussain
|9 27628
|
| 942 |
|
|
|2 ddc
|c BK
|
| 952 |
|
|
|0 0
|1 0
|2 ddc
|4 0
|6 677_022095492000000_TRA
|7 0
|9 64041
|a BRACUL
|b BRACUL
|c GEN
|d 2018-07-26
|e Development Book Agency
|g 3300.00
|l 0
|o 677.022095492 TRA
|p 3010033526
|r 2018-07-26
|t 1
|v 3300.00
|w 2018-07-26
|y BK
|